Quiz drapeau - Statistiques

Statistiques générales
  • Ce quiz a été pris 104 fois
  • Le résultat moyen est 12 sur 16
Statistiques - réponses
Par images Réponse % Correct
Allemagne
99%
France
99%
Belgique
98%
Maroc
97%
Finlande
93%
Luxembourg
89%
Nepal
88%
Vatican
84%
Lituanie
77%
Monténégro
76%
Taïwan
68%
Benin
62%
Ouzbékistan
61%
Yemen
57%
Afganistan
21%
Kurdistan
19%
Aucun quiz correspondant
Distribution des résultats
% des personnes avec chaque résultat
Percentile par nombre de réponses
Votre historique - résultats
Vous n’avez pas pris ce quiz